Premier League 25/26 Logos - Statistics

General Stats
  • This quiz has been taken 32 times
  • The average score is 18 of 20
Answer Stats
Picture Answer % Correct
Arsenal
96%
Liverpool
96%
Manchester City
96%
Manchester United
96%
Tottenham
96%
West Ham
96%
Wolves
96%
Aston Villa
93%
Chelsea
93%
Newcastle
89%
Nottingham Forest
89%
Brighton
86%
Crystal Palace
86%
Everton
86%
Sunderland
86%
Leeds
82%
AFC Bournemouth
79%
Brentford
79%
Burnley
79%
Fulham
79%
No matching quizzes found
Score Distribution
Percent of People with Each Score
Percentile by Number Answered
Your Score History
You have not taken this quiz